En torno a la poesía /

Guardado en:
Autor Principal: Lejarraga, Berta G de
Formato: Libro
Publicado: Bahía Blanca : Universidad Nacional del Sur, 1960
Materias:
Etiquetas: Agregar Etiqueta
Sin Etiquetas, Sea el primero en etiquetar este registro!
LEADER 00500nam a22001695a 4500
001 CEM.cems015959
008 130507s1960##################000#0#####d
005 20210830191939.0
003 CEMS
245 1 0 |a En torno a la poesía /  |c Berta G de Lejarraga, 
260 |a Bahía Blanca :  |b Universidad Nacional del Sur,  |c 1960 
300 |a 28 p. 
100 1 |a Lejarraga, Berta G de 
082 0 4 |a 808.1 
653 |a Literatura 
653 |a Poesía-teoría 
859 |a CEMS  |b BIB. CEMS - 11 de abril  |h 808.1  |i L537  |p 12764.83  |t Ej.1